Daňová podpora malého a stredného podnikania v SR a vo vybraných krajinách EÚ diplomová práca

Guardado en:
Detalles Bibliográficos
Autor principal: Vojteková, Radka
Autor Corporativo: Národohospodárska fakulta EU. Katedra financií
Otros Autores: Schultzová, Anna
Formato: Libro
Lenguaje:eslovaco
Publicado: Bratislava 2018
Etiquetas: Agregar Etiqueta
Sin Etiquetas, Sea el primero en etiquetar este registro!

MARC

LEADER 00000nbm a2200000 4500
001 0244356
005 20181127091421.4
041 0 |a slo 
044 |a SK 
245 1 0 |a Daňová podpora malého a stredného podnikania v SR a vo vybraných krajinách EÚ  |b diplomová práca  |c Radka Vojteková ; školiteľ: Anna Schultzová 
264 1 |a Bratislava  |c 2018 
300 |a 73 s. 
100 1 |a Vojteková, Radka 
700 1 |a Schultzová, Anna 
710 2 |a Národohospodárska fakulta EU. Katedra financií